Zemědělské stavby

Gespeichert in:
Bibliographische Detailangaben
1. Verfasser: Hučko, Miroslav
Format: Buch
Sprache:Tschechisch
Veröffentlicht: Praha Stát. nakl. techn. lit. 1987
Ausgabe:2. dopln. a aktualiz. vyd.
Tags: Tag hinzufügen
Keine Tags, Fügen Sie das erste Tag hinzu!

MARC

LEADER 00000nam a2200000 4500
001 c023921
005 20221219103752.2
041 0 |a cze 
044 |a CZ 
245 1 0 |a Zemědělské stavby  |c Miroslav Hučko a kol. 
250 |a 2. dopln. a aktualiz. vyd. 
264 1 |a Praha  |b Stát. nakl. techn. lit.  |c 1987 
300 |a 527 s. 
100 1 |a Hučko, Miroslav